LEADER 01672nam 2200505 450 001 9910822271803321 005 20181016102055.0 010 $a1-4985-2455-9 035 $a(CKB)3710000000971281 035 $a(MiAaPQ)EBC4772390 035 $a(EXLCZ)993710000000971281 100 $a20170110h20172017 uy 0 101 0 $aeng 135 $aurcnu|||||||| 181 $2rdacontent 182 $2rdamedia 183 $2rdacarrier 200 10$aAesthetic transcendentalism in Emerson, Peirce, and nineteenth-century American landscape painting /$fNicholas Guardiano 210 1$aLanham, Maryland :$cLexington Books,$d2017. 210 4$dİ2017 215 $a1 online resource (185 pages) 225 1 $aAmerican Philosophy Series 311 $a1-4985-2453-2 311 $a1-4985-2454-0 320 $aIncludes bibliographical references and index. 410 0$aAmerican philosophy series. 606 $aPhilosophy of nature$zUnited States 606 $aTranscendentalism (New England) 606 $aNature (Aesthetics) 606 $aArt and philosophy$zUnited States 606 $aLandscape painting, American$y19th century 615 0$aPhilosophy of nature 615 0$aTranscendentalism (New England) 615 0$aNature (Aesthetics) 615 0$aArt and philosophy 615 0$aLandscape painting, American 676 $a141/.3 700 $aGuardiano$b Nicholas$01714146 801 0$bMiAaPQ 801 1$bMiAaPQ 801 2$bMiAaPQ 906 $aBOOK 912 $a9910822271803321 996 $aAesthetic transcendentalism in Emerson, Peirce, and nineteenth-century American landscape painting$94107702 997 $aUNINA LEADER 05739nam 2200829Ia 450 001 9910974159903321 005 20250204203628.0 010 $a9781283644549 010 $a1283644541 010 $a9781118350751 010 $a1118350758 010 $a9781118350737 010 $a1118350731 035 $a(CKB)2670000000261633 035 $a(EBL)1037090 035 $a(OCoLC)815392085 035 $a(SSID)ssj0000721079 035 $a(PQKBManifestationID)12341960 035 $a(PQKBTitleCode)TC0000721079 035 $a(PQKBWorkID)10687246 035 $a(PQKB)11467296 035 $a(MiAaPQ)EBC1037090 035 $a(Au-PeEL)EBL1037090 035 $a(CaPaEBR)ebr10608642 035 $a(CaONFJC)MIL395704 035 $a(MiAaPQ)EBC7103572 035 $a(Au-PeEL)EBL7103572 035 $a(PPN)203367839 035 $a(FR-PaCSA)88839108 035 $a(FRCYB88839108)88839108 035 $a(Perlego)1010696 035 $a(EXLCZ)992670000000261633 100 $a20050901d2012 uy 0 101 0 $aeng 135 $aur|n|---||||| 181 $ctxt 182 $cc 183 $acr 200 10$aLecture notes$iEmergency medicine /$fChris Moulton, David Yates 205 $a4th ed. 210 $aMalden, MA ;$aOxford [U.K.] $cBlackwell$dc2012 215 $a1 online resource (458 p.) 225 1 $aLecture Notes 300 $aIncludes index. 311 08$a9781444336665 311 08$a1444336665 327 $aTitle page; Copyright page; Contents; Preface to the fourth edition; Preface to the second edition; Preface to the first edition; 1: What every emergency physician must know; What to do in an emergency; A - Airway; B - Breathing; C - Circulation; D - Disability; E - Environment and exposure; F - Fits; G - Glucose; H - History; I - Immediate analgesia and investigations; Further management in the ED; How much history, how much examination?; Investigations; Definitive care; Homelessness; Prehospital care; Major incidents; Sedation and general anaesthesia 327 $aPreparation for sedation and selection of patientsFacilities for the administration of sedation or general anaesthesia; Conditions during the period of sedation; Assessment of the level of sedation; Drugs for sedation in the ED; Discharge of patients who have received sedative drugs in the ED; 2: Major trauma and multiple injuries; Epidemiology; Trauma care; Preparation for reception of trauma victims; The primary survey and resuscitation phase (initial assessment and management); The secondary survey (further assessment); The chain of care; Primary survey and resuscitation; Airway; Breathing 327 $aCirculationDisability; Exposure; Further care of the trauma patient; The secondary survey; Investigations in trauma; Further assessment of the abdomen in multiple trauma; Definitive care of the trauma patient; Special situations; Blast injuries; Drowning; Suffocation and asphyxiation; Paediatric trauma; Trauma in pregnancy; Other aspects of trauma care; Bereaved relatives; Trauma scores; 3: Head injuries; Biomechanics and brain injury; The patient with a depressed level of consciousness; Immediate assessment and management; Further assessment and management; Management of specific problems 327 $aGuidelines for neurosurgical consultationThe ambulant patient with a head injury; History; Assessment; Imaging; Patients at risk of developing complications after a head injury; Ambulant patients with head injuries who are not obviously at risk; Advice to discharged patients ('head injury instructions'); Head injuries in children; Specific injuries; Fracture of the vault of the skull; Compound fracture of the skull; Depressed fracture of the skull; Fracture of the base of the skull; Aerocele; Extradural haematoma; Acute subdural haematoma; Chronic subdural haematoma; Subarachnoid haemorrhage 327 $aCerebral contusionsTransient complications after minor head injury; Prolonged symptoms after apparently minor traumatic brain injury; Radiology of the skull; 4: The neck and the back; Immediate assessment and management; Injury to the spinal cord; Initial management of spinal cord injury; Special problems that may accompany injury to the spinal cord; Localisation of spinal cord damage; Delayed improvement or deterioration after spinal cord injury; Cord syndromes; Imaging and clearance of the spine in trauma; Radiographs of the cervical spine; Radiographs of the thoracolumbar spine 327 $aClearance of the spine 330 $aEmergency Medicine Lecture Notes provides all the necessary information, within one short volume, for a sound introduction to this core specialty area. Presented in a user-friendly format, combining readability with flowcharts and high-quality illustrations, this fourth edition has been thoroughly revised to reflect recent advances in the field of emergency medicine. For this new edition, Emergency Medicine Lecture Notes features: Illustrations and flow charts in a two colour presentation throughout More detail on imaging, diagnosis and management of a wid 410 0$aLecture notes on. 517 3 $aEmergency medicine 606 $aCritical care medicine$vOutlines, syllabi, etc 606 $aEmergency medicine$vOutlines, syllabi, etc 608 $aOutlines and syllabi.$2fast 615 0$aCritical care medicine 615 0$aEmergency medicine 676 $a616.02/5 676 $a616.025 700 $aMoulton$b Chris$01798645 701 $aMoulton$b Chris$01798645 701 $aYates$b David W$01798646 801 0$bMiAaPQ 801 1$bMiAaPQ 801 2$bMiAaPQ 906 $aBOOK 912 $a9910974159903321 996 $aLecture notes$94341519 997 $aUNINA LEADER 03348nam 22008055 450 001 9910349385903321 005 20251225205526.0 010 $a9783030052348 010 $a3030052346 024 7 $a10.1007/978-3-030-05234-8 035 $a(CKB)4100000007334861 035 $a(DE-He213)978-3-030-05234-8 035 $a(MiAaPQ)EBC6247399 035 $a(PPN)232963835 035 $a(EXLCZ)994100000007334861 100 $a20181229d2018 u| 0 101 0 $aeng 135 $aurnn|008mamaa 181 $ctxt$2rdacontent 182 $cc$2rdamedia 183 $acr$2rdacarrier 200 10$aAlgorithms and Architectures for Parallel Processing $eICA3PP 2018 International Workshops, Guangzhou, China, November 15-17, 2018, Proceedings /$fedited by Ting Hu, Feng Wang, Hongwei Li, Qian Wang 205 $a1st ed. 2018. 210 1$aCham :$cSpringer International Publishing :$cImprint: Springer,$d2018. 215 $a1 online resource (IX, 202 p. 94 illus., 48 illus. in color.) 225 1 $aTheoretical Computer Science and General Issues,$x2512-2029 ;$v11338 311 08$a9783030052331 311 08$a3030052338 320 $aIncludes bibliographical references and index. 330 $aThis book constitutes the workshop proceedings of the 18th International Conference on Algorithms and Architectures for Parallel Processing, ICA3PP 2018, held in Guangzhou, China, in November 2018. The 24 full papers presented were carefully selected and reviewed from numerous submissions to the two following workshops: - ICA3PP 2018 Workshop on Intelligent Algorithms for Large-scale Complex Optimization Problems - ICA3PP 2018 Workshop on Security and Privacy in Data Processing . 410 0$aTheoretical Computer Science and General Issues,$x2512-2029 ;$v11338 606 $aAlgorithms 606 $aComputer networks 606 $aCryptography 606 $aData encryption (Computer science) 606 $aData protection 606 $aApplication software 606 $aArtificial intelligence 606 $aAlgorithms 606 $aComputer Communication Networks 606 $aCryptology 606 $aData and Information Security 606 $aComputer and Information Systems Applications 606 $aArtificial Intelligence 615 0$aAlgorithms. 615 0$aComputer networks. 615 0$aCryptography. 615 0$aData encryption (Computer science) 615 0$aData protection. 615 0$aApplication software. 615 0$aArtificial intelligence. 615 14$aAlgorithms. 615 24$aComputer Communication Networks. 615 24$aCryptology. 615 24$aData and Information Security. 615 24$aComputer and Information Systems Applications. 615 24$aArtificial Intelligence. 676 $a004.35 676 $a005.1 702 $aHu$b Ting$4edt$4http://id.loc.gov/vocabulary/relators/edt 702 $aWang$b Feng$4edt$4http://id.loc.gov/vocabulary/relators/edt 702 $aLi$b Hongwei$4edt$4http://id.loc.gov/vocabulary/relators/edt 702 $aWang$b Qian$4edt$4http://id.loc.gov/vocabulary/relators/edt 801 0$bMiAaPQ 801 1$bMiAaPQ 801 2$bMiAaPQ 906 $aBOOK 912 $a9910349385903321 996 $aAlgorithms and Architectures for Parallel Processing$9773147 997 $aUNINA